[Event "V  Torneo Internacional A.D. San Juan"]
[Site "Pamplona (Navarra). Hotel Blanca de Navarra (Avda.
[Date "2011.07.31"]
[Round "9"]
[Board "1"]
[White "Chatalbashev, Boris"]
[Black "Antoli Royo, Joaquin Miguel"]
[Result "1-0"]
[WhiteElo "2596"]
[BlackElo "2434"]
[PlyCount "77"]
[EventDate "2011.07.25"]
[EventRounds "9"]
[EventCountry "ESP"]

1.d4 d5 2.c4 dxc4 3.Nf3 Nf6 4.e3 Bg4 5.Bxc4 e6 6.O-O Nbd7 7.Nc3 Bb4 8.Qb3 c5
9.Ne5 Nxe5 10.dxe5 Nd7 11.f4 Bxc3 12.bxc3 Rb8 13.e4 b5 14.Bxb5 O-O 15.Qc4 Qc7
16.Bxd7 Qxd7 17.h3 Bd1 18.Be3 Bc2 19.Bxc5 Rfc8 20.Rf2 Bxe4 21.Qxe4 Rxc5 22.Rc1
Qc7 23.c4 g6 24.Rd2 Re8 25.Rd4 Qa5 26.Qe2 Rd8 27.Rxd8+ Qxd8 28.Qf2 Rc7 29.Kh2
Qd3 30.c5 Rc6 31.Rc2 Rc8 32.c6 Qe4 33.c7 Qb7 34.Qd4 Kg7 35.Qd8 Kh6 36.h4 Kg7
37.h5 gxh5 38.Rc3 h4 39.Qxh4 1-0

[Event "V  Torneo Internacional A.D. San Juan"]
[Site "Pamplona (Navarra). Hotel Blanca de Navarra (Avda.
[Date "2011.07.31"]
[Round "9"]
[Board "1"]
[White "Baghdasaryan, Vahe"]
[Black "Oleksienko, Mikhailo"]
[Result "1-0"]
[WhiteElo "2289"]
[BlackElo "2564"]
[PlyCount "97"]
[EventDate "2011.07.25"]
[EventRounds "9"]
[EventCountry "ESP"]

1.e4 c5 2.Nf3 d6 3.d4 cxd4 4.Nxd4 Nf6 5.Nc3 a6 6.Bg5 e6 7.f4 Qc7 8.Bxf6 gxf6
9.Qd3 Nc6 10.O-O-O Bd7 11.Be2 h5 12.Kb1 O-O-O 13.f5 Kb8 14.Qh3 Nxd4 15.Rxd4 Qc5
16.Rhd1 Rc8 17.Bxh5 b5 18.a3 a5 19.Qf3 b4 20.axb4 axb4 21.Na2 Qxc2+ 22.Ka1 d5
23.Bxf7 e5 24.R4d2 Qa4 25.Bxd5 Rh7 26.Bb3 Qa6 27.g4 Bh6 28.Qd3 Bb5 29.Qd6+ Qxd6
30.Rxd6 Be2 {(=)} 31.R1d5 Ra7 32.Rb6+ Ka8 33.Kb1 Be3 34.Rxb4 Bc5 35.Rxc5 Rxc5
36.Bd5+ Rxd5 37.exd5 Bd3+ 38.Ka1 e4 39.Rd4 Kb8 40.d6 Kc8 41.b3 Kd8 42.Kb2 Rg7
43.Nb4 Rxg4 44.Nxd3 Rg2+ 45.Kc3 exd3 46.Kxd3 Rxh2 47.d7 Rf2 48.Rd5 Rf4 49.Kc3 1-0

[Event "V  Torneo Internacional A.D. San Juan"]
[Site "Pamplona (Navarra). Hotel Blanca de Navarra (Avda.
[Date "2011.07.31"]
[Round "9"]
[Board "1"]
[White "Paunovic, Dragan"]
[Black "Aroshidze, Levan"]
[Result "1-0"]
[WhiteElo "2503"]
[BlackElo "2539"]
[PlyCount "93"]
[EventDate "2011.07.25"]
[EventRounds "9"]
[EventCountry "ESP"]

1.g3 e5 2.c4 Nc6 3.Bg2 g6 4.Nc3 Bg7 5.d3 d6 6.e4 Nge7 7.Nge2 Be6 8.Nd5 O-O 9.Be3
f5 10.Qd2 Qd7 11.O-O Nd8 12.Nxe7+ Qxe7 13.exf5 gxf5 14.f4 c6 15.Rae1 Nf7 16.b3
Bd7 17.Bh3 Qf6 18.Bg2 Bh6 19.fxe5 Bxe3+ 20.Qxe3 Nxe5 21.d4 Ng6 22.Nf4 Rae8
23.Nh5 Qf7 24.Qg5 Rxe1 25.Rxe1 Kh8 26.h4 Re8 27.Rxe8+ Bxe8 28.Nf6 Kg7 29.Nxe8+
Qxe8 30.h5 Qe7 31.Qxf5 Nf8 32.Be4 Qf6 33.d5 Qa1+ 34.Bb1 Qd4+ 35.Kg2 Qd2+ 36.Kh3
cxd5 37.cxd5 h6 38.Qg4+ Kh8 39.Qf3 Kg7 40.Bf5 Qe1 41.Qg4+ Kf6 42.Qf4 Qh1+ 43.Kg4
Qd1+ 44.Kh4 Ke7 45.Qxh6 Qh1+ 46.Bh3 Qe4+ 47.Qf4 1-0